[Event "HUN-chT Youth 2019"]
[Site "Budapest"]
[Date "2019.10.28"]
[Round "4.13"]
[White "Thierry, Edvard"]
[Black "Megyeri, Martin"]
[Result "0-1"]
[WhiteElo "1507"]
[BlackElo "1611"]
[Annotator "NA RC"]
[PlyCount "66"]
[EventDate "2019.10.26"]
[EventType "team-tourn"]
[EventCountry "HUN"]
[SourceTitle "playchess.com"]
[Source "ChessBase"]
[SourceQuality "1"]
[TimeControl "5400+30"]

1. e4 {[%emt 0:00:00]} c5 {[%emt 0:00:00]} 2. Nf3 {[%emt 0:00:00]} Nc6 {[%emt 0:00:00]} 3. d4 {[%emt 0:00:00]} cxd4 {[%emt 0:00:00]} 4. Nxd4 {[%emt 0:00:00]} Nf6 {[%emt 0:00:06]} 5. Nc3 {[%emt 0:00:00]} e5 {[%emt 0:00:13]} 6. Ndb5 {[%emt 0:00:14]} d6 {[%emt 0:00:07]} 7. Bg5 {[%emt 0:00:46]} a6 {[%emt 0:00:16]} 8. Na3 {[%emt 0:00:41]} b5 {[%emt 0:00:17]} 9. Nd5 {[%emt 0:01:16]} Be7 {[%emt 0:00:30]} 10. Nxe7 {[%emt 0:05:19]} Qxe7 {[%emt 0:01:14]} 11. f3 {[%emt 0:03:50]} O-O {[%emt 0:01:03]} 12. c3 {[%emt 0:01:48]} Rd8 {[%emt 0:02:54]} 13. Bd3 {[%emt 0:04:12]} Be6 {[%emt 0:03:17]} 14. Nc2 {[%emt 0:03:40]} d5 {[%emt 0:02:52]} 15. exd5 {[%emt 0:00:26]} Bxd5 {[%emt 0:01:22]} 16. Ne3 {[%emt 0:00:32]} Bc4 {[%emt 0:01:28]} 17. Nxc4 {[%emt 0:02:04]} bxc4 {[%emt 0:00:13]} 18. Qa4 {[%emt 0:00:02]} cxd3 {[%emt 0:11:27]} 19. Qxc6 {[%emt 0:00:10]} Rab8 {[%emt 0:03:19]} 20. b3 {[%emt 0:05:32]} Rbc8 {[%emt 0:03:38]} 21. Qxa6 {[%emt 0:02:03]} Rxc3 {[%emt 0:00:35]} 22. Bd2 {[%emt 0:01:46]} Rc2 {[%emt 0:02:02]} 23. Rc1 {[%emt 0:00:48]} Qc5 {[%emt 0:02:03]} 24. Rxc2 {[%emt 0:01:39]} Qxc2 {[%emt 0:01:28]} 25. Qa5 {[%emt 0:00:59]} Re8 {[%emt 0:03:04]} 26. Kf2 {[%emt 0:02:53]} Qb2 {[%emt 0:04:51]} 27. Re1 {[%emt 0:02:36]} h6 {[%emt 0:12:01]} 28. h3 {[%emt 0:04:27]} e4 {[%emt 0:12:25]} 29. fxe4 {[%emt 0:03:00]} Qd4+ {[%emt 0:12:38]} 30. Kf3 {[%emt 0:04:05]} Nxe4 {[%emt 0:05:51]} 31. h4 {[%emt 0:01:25]} Qf2+ {[%emt 0:01:32]} 32. Kg4 {[%emt 0:00:16]} Qg3+ {[%emt 0:00:56]} 33. Kh5 {[%emt 0:00:44]} Qg6# 0-1

[Event "HUN-chT Youth 2019"]
[Site "Budapest"]
[Date "2019.10.28"]
[Round "4.14"]
[White "Kelemen, David"]
[Black "Vanczak, Tamas"]
[Result "1/2-1/2"]
[WhiteElo "2166"]
[BlackElo "2327"]
[Annotator "TA"]
[PlyCount "79"]
[EventDate "2019.10.26"]
[EventType "team-tourn"]
[EventCountry "HUN"]
[SourceTitle "playchess.com"]
[Source "ChessBase"]
[SourceQuality "1"]

{[%evp 21,79,53,61,60,81,71,86,43,60,31,46,49,73,66,47,30,160,157,143,103,116,33,40,8,55,57,54,49,58,56,59,52,54,51,50,35,65,64,71,64,64,36,58,56,79,79,68,68,59,22,65,52,52,52,53,39,54,33,99,85]} 1. e4 c5 2. Nf3 d6 3. d4 cxd4 4. Nxd4 Nf6 5. f3 g6 6. c4 Bg7 7. Nc3 O-O 8. Be3 Nc6 9. Be2 Bd7 10. Qd2 Rc8 11. O-O Ne5 12. b3 {B38: Sicilian: Maroczy Bind with 5...Bg7 and 7...0-0} Re8 (12... a6 13. Rac1 Re8 14. Nd5 Bc6 15. Rfd1 h5 16. h3 Ned7 17. Bf1 Nh7 18. Bf2 Nhf8 19. b4 Kh7 20. Be3 Ba4 21. Re1 Bc6 {1-0 (45) Batchuluun,T (2499)-Khatanbaatar,B (2365) Ulaanbaatar 2015}) 13. Rac1 Qa5 14. h3 Nh5 $146 ({Predecessor:} 14... a6 15. Rfd1 Bc6 16. Rb1 Qc7 17. a4 {½-½ (65) Simic,A (2283)-Divljan,B (2126) Banja Vrucica 2014}) 15. Kh2 Nc6 16. f4 Nf6 17. Nf3 Rcd8 18. g4 e5 (18... Bc8 $11) 19. f5 $16 Nd4 20. Bg5 Rc8 21. Bxf6 (21. Bd3 $16) 21... Bxf6 $14 22. fxg6 fxg6 23. Nxd4 {[%mdl 64] [#] Discovered Attack} exd4 24. Rxf6 Qe5+ 25. Qf4 $1 {Nd5 is the strong threat.} dxc3 26. Qxe5 dxe5 27. Rxc3 Bc6 28. c5 Bxe4 29. Bc4+ Kh8 30. Re3 Bc6 31. b4 a6 32. Kg3 Rc7 33. Rd6 e4 34. h4 Kg7 35. h5 (35. a3 {seems wilder.} h6 36. Kf4 Rf8+ 37. Ke5 Rf3 38. Kd4) 35... Rf8 36. Bd5 Bxd5 37. Rxd5 Re7 38. Rd4 Rfe8 39. Rd6 g5 ({Black should play} 39... a5 $14) 40. a4 {Accuracy: White = 50%, Black = 50%.} 1/2-1/2

[Event "HUN-chT Youth 2019"]
[Site "Budapest"]
[Date "2019.10.28"]
[Round "4.14"]
[White "Lehocz, Jozsef Jr."]
[Black "Szuhorukov, Marcell"]
[Result "1-0"]
[WhiteElo "1447"]
[BlackElo "1384"]
[Annotator "NA RC"]
[PlyCount "73"]
[EventDate "2019.10.26"]
[EventType "team-tourn"]
[EventCountry "HUN"]
[SourceTitle "playchess.com"]
[Source "ChessBase"]
[SourceQuality "1"]
[TimeControl "5400+30"]

1. e4 {[%emt 0:00:00]} e6 {[%emt 0:00:00]} 2. d4 {[%emt 0:00:00]} d5 {[%emt 0:00:00]} 3. e5 {[%emt 0:00:00]} c5 {[%emt 0:00:00]} 4. c3 {[%emt 0:00:00]} Nc6 {[%emt 0:00:00]} 5. Nf3 {[%emt 0:00:00]} Nge7 {[%emt 0:00:27]} 6. Bb5 {[%emt 0:00:09]} Bd7 {[%emt 0:00:19]} 7. O-O {[%emt 0:05:27]} Nxe5 {[%emt 0:00:06]} 8. Nxe5 {[%emt 0:01:58]} Bxb5 {[%emt 0:00:17]} 9. Re1 {[%emt 0:00:11]} cxd4 {[%emt 0:00:23]} 10. cxd4 {[%emt 0:01:01]} Nf5 {[%emt 0:01:33]} 11. Nc3 {[%emt 0:01:30]} Bd7 {[%emt 0:00:34]} 12. Qf3 {[%emt 0:06:15]} Be7 {[%emt 0:02:01]} 13. Nxf7 {[%emt 0:08:24]} Kxf7 {[%emt 0:01:33]} 14. g4 {[%emt 0:00:08]} g6 {[%emt 0:00:13]} 15. gxf5 {[%emt 0:00:10]} Bf6 {[%emt 0:04:04]} 16. Bg5 {[%emt 0:09:42]} Kg7 {[%emt 0:02:13]} 17. fxe6 {[%emt 0:12:48]} Bxg5 {[%emt 0:00:39]} 18. Qf7+ {[%emt 0:00:25]} Kh6 {[%emt 0:00:26]} 19. exd7 {[%emt 0:01:20]} Rf8 {[%emt 0:03:57]} 20. Qxd5 {[%emt 0:00:23]} Bd2 {[%emt 0:04:55]} 21. Re2 {[%emt 0:06:51]} Rf5 {[%emt 0:06:45]} 22. Re5 {[%emt 0:07:07]} Qg5+ {[%emt 0:01:42]} 23. Qg2 {[%emt 0:00:27]} Rxe5 {[%emt 0:02:07]} 24. dxe5 {[%emt 0:00:46]} Qxe5 {[%emt 0:01:46]} 25. Ne4 {[%emt 0:06:10]} Ba5 {[%emt 0:09:45]} 26. Rd1 {[%emt 0:07:13]} Rd8 {[%emt 0:00:40]} 27. Qh3+ {[%emt 0:00:30]} Kg7 {[%emt 0:00:56]} 28. Qf3 {[%emt 0:10:22]} Bc7 {[%emt 0:02:41]} 29. Ng3 {[%emt 0:01:21]} Qxb2 {[%emt 0:03:44]} 30. Qe4 {[%emt 0:02:14]} Qb5 {[%emt 0:05:35]} 31. Qe7+ {[%emt 0:00:07]} Kh6 {[%emt 0:00:57]} 32. Ne4 {[%emt 0:01:58]} Qh5 {[%emt 0:01:44]} 33. Rd3 {[%emt 0:03:49]} Qxh2+ {[%emt 0:00:38]} 34. Kf1 {[%emt 0:00:02]} Qh1+ {[%emt 0:00:52]} 35. Ke2 {[%emt 0:00:02]} Qh5+ {[%emt 0:00:33]} 36. Kf1 {[%emt 0:00:57]} Qe5 {[%emt 0:02:11]} 37. Rh3+ {[%emt 0:00:13]} 1-0

[Event "HUN-chT Youth 2019"]
[Site "Budapest"]
[Date "2019.10.28"]
[Round "4.15"]
[White "Pribelszky, Bence"]
[Black "Koszta, Benedek"]
[Result "1-0"]
[WhiteElo "2191"]
[BlackElo "2043"]
[Annotator "TA"]
[PlyCount "41"]
[EventDate "2019.10.26"]
[EventType "team-tourn"]
[EventCountry "HUN"]
[SourceTitle "playchess.com"]
[Source "ChessBase"]
[SourceQuality "1"]

{[%evp 18,49,11,10,17,12,61,37,101,106,120,63,258,242,251,243,29987,29988,29988,474,2335,2324,29990,29991,29991,29992,29992,29993,29993,0,29994,29995,29995,29996]} 1. e4 e6 2. d3 d5 3. Qe2 Be7 4. Nf3 c5 5. g3 Nf6 6. Bg2 O-O 7. O-O Nc6 8. e5 Nd7 9. c4 dxc4 10. dxc4 Qc7 {[%cal Rd7e5] C00: French: Unusual White 2nd moves} (10... b6 11. Rd1 Qc7 12. Nc3 a6 13. Bf4 Bb7 14. Nd5 exd5 15. cxd5 Ncxe5 16. Nxe5 Bd6 17. Nc6 Bxf4 18. gxf4 {0-1 (45) Balogh,C (2632)-Fridman,D (2602) Bastia 2013}) 11. Bf4 h6 12. h4 Nd4 (12... a6 $14) 13. Nxd4 $16 cxd4 14. Nd2 (14. Rd1 $16) 14... g5 $2 (14... Rd8 $14) 15. hxg5 $18 hxg5 16. Ne4 gxf4 $2 (16... Nxe5 $18 17. Nxg5 Bxg5 18. Bxe5 (18. Bxg5 f6 $16) 18... d3) 17. Qg4+ Kh8 18. Qh5+ (18. Ng5 $142 Bxg5 19. Qh5+ Kg7 20. Qxg5+ {[%mdl 64] Double Attack} Kh8 21. Be4 $1 {[%mdl 512]} f5 22. Kg2 f3+ 23. Bxf3) 18... Kg7 {[#]} (18... Kg8 $142) 19. Ng5 $1 Bxg5 20. Qxg5+ {[%mdl 64] Double Attack} Kh8 {[#]} 21. Qh6+ {Played: Bg2-e4} 1-0

[Event "HUN-chT Youth 2019"]
[Site "Budapest"]
[Date "2019.10.28"]
[Round "4.15"]
[White "Meszaros, Jazmin"]
[Black "Kellermann, Botond"]
[Result "0-1"]
[WhiteElo "1171"]
[BlackElo "1274"]
[Annotator "NA RC"]
[PlyCount "84"]
[EventDate "2019.10.26"]
[EventType "team-tourn"]
[EventCountry "HUN"]
[SourceTitle "playchess.com"]
[Source "ChessBase"]
[SourceQuality "1"]
[TimeControl "5400+30"]

1. e4 {[%emt 0:00:00]} c6 {[%emt 0:00:00]} 2. d4 {[%emt 0:00:29]} d5 {[%emt 0:00:00]} 3. Nc3 {[%emt 0:00:33]} dxe4 {[%emt 0:00:17]} 4. Nxe4 {[%emt 0:00:23]} Bf5 {[%emt 0:00:14]} 5. Bd3 {[%emt 0:00:47]} Qxd4 {[%emt 0:04:23]} 6. Be3 {[%emt 0:00:58]} Qd8 {[%emt 0:01:26]} 7. Qe2 {[%emt 0:01:38]} Bxe4 {[%emt 0:00:18]} 8. Bxe4 {[%emt 0:00:17]} Nf6 {[%emt 0:00:34]} 9. Bd3 {[%emt 0:00:30]} Nbd7 {[%emt 0:03:33]} 10. Nf3 {[%emt 0:00:26]} g6 {[%emt 0:01:36]} 11. O-O {[%emt 0:00:24]} Bg7 {[%emt 0:00:35]} 12. Qd2 {[%emt 0:00:54]} O-O {[%emt 0:01:11]} 13. Bh6 {[%emt 0:01:26]} Ng4 {[%emt 0:06:10]} 14. Bxg7 {[%emt 0:00:33]} Kxg7 {[%emt 0:00:08]} 15. Qb4 {[%emt 0:02:05]} Ngf6 {[%emt 0:00:29]} 16. Qxb7 {[%emt 0:00:48]} Qc8 {[%emt 0:02:16]} 17. Qb4 {[%emt 0:02:02]} Nd5 {[%emt 0:00:31]} 18. Qd4+ {[%emt 0:00:38]} Kg8 {[%emt 0:00:31]} 19. Qh4 {[%emt 0:00:32]} Rb8 {[%emt 0:01:51]} 20. Ng5 {[%emt 0:00:35]} N7f6 {[%emt 0:00:11]} 21. Rab1 {[%emt 0:02:10]} Qg4 {[%emt 0:01:53]} 22. Qh6 {[%emt 0:01:31]} Qh5 {[%emt 0:03:30]} 23. Qxh5 {[%emt 0:00:23]} Nxh5 {[%emt 0:00:09]} 24. Rfe1 {[%emt 0:01:00]} Rb6 {[%emt 0:01:02]} 25. Re4 {[%emt 0:00:43]} Nc3 {[%emt 0:00:42]} 26. Rbe1 {[%emt 0:01:15]} Nxe4 {[%emt 0:02:02]} 27. Rxe4 {[%emt 0:00:38]} Rxb2 {[%emt 0:01:01]} 28. Rxe7 {[%emt 0:01:14]} h6 {[%emt 0:01:59]} 29. Nf3 {[%emt 0:00:33]} Rfb8 {[%emt 0:00:32]} 30. Ne5 {[%emt 0:00:41]} Nf4 {[%emt 0:00:38]} 31. Bf1 {[%emt 0:00:20]} Rxc2 {[%emt 0:02:36]} 32. Nxf7 Rb1 {[%emt 0:02:45]} 33. Nxh6+ {[%emt 0:03:01]} Kh8 {[%emt 0:00:15]} 34. Nf7+ {[%emt 0:00:46]} Kh7 {[%emt 0:00:20]} 35. Ng5+ {[%emt 0:00:49]} Kh6 {[%emt 0:00:56]} 36. Nf7+ {[%emt 0:00:27]} Kg7 {[%emt 0:00:17]} 37. Ng5+ {[%emt 0:00:38]} Kf6 {[%emt 0:00:09]} 38. Rf7+ {[%emt 0:01:34]} Kxg5 39. h4+ Kg4 {[%emt 0:02:23]} 40. f3+ {[%emt 0:01:17]} Kg3 {[%emt 0:00:15]} 41. Rf5 {[%emt 0:00:56]} Rxf1+ {[%emt 0:00:32]} 42. Kxf1 {[%emt 0:00:18]} Rc1# {[%emt 0:00:10]} 0-1

[Event "HUN-chT Youth 2019"]
[Site "Budapest"]
[Date "2019.10.28"]
[Round "4.16"]
[White "Megyaszai, Balazs"]
[Black "Kiss, Eniko"]
[Result "1/2-1/2"]
[WhiteElo "1894"]
[BlackElo "1703"]
[Annotator "NA RC"]
[PlyCount "64"]
[EventDate "2019.10.26"]
[EventType "team-tourn"]
[EventCountry "HUN"]
[SourceTitle "playchess.com"]
[Source "ChessBase"]
[SourceQuality "1"]
[TimeControl "5400+30"]

{[%evp 8,48,19,7,8,0,5,0,6,8,15,10,17,-6,0,-1,32767,-40,-29,32767,-42,-35,32767,-39,-37,-54,32767,-50,32767,-55,-59,-53,32767,32767,-75,-112,-116,-161,32767,-168,32767,-26,-33]} 1. e4 {[%emt 0:00:00]} e6 {[%emt 0:00:00]} 2. d4 {[%emt 0:00:28]} d5 {[%emt 0:00:08]} 3. exd5 {[%emt 0:00:55]} exd5 {[%emt 0:00:44]} 4. Bd3 {[%emt 0:01:10]} Nf6 {[%emt 0:01:46]} 5. Nf3 {[%emt 0:02:22]} Bd6 {[%emt 0:02:43]} 6. O-O {[%emt 0:02:08]} O-O {[%emt 0:00:28]} 7. h3 {[%emt 0:02:22]} h6 {[%emt 0:08:35]} 8. Nc3 {[%emt 0:03:24]} c6 {[%emt 0:07:07] C01: French: Exchange Variation} 9. Ne2 {[%emt 0:03:30]} (9. Ne5 c5 10. Nb5 Be7 11. dxc5 Bxc5 12. Bf4 a6 13. Nc3 Nc6 14. Qd2 d4 15. Ne2 Re8 16. Nxc6 bxc6 {½-½ (37) Fressinet,L (2668)-Bacrot,E (2696) Balagna 2017}) 9... Qc7 {[%emt 0:02:51]} 10. Be3 {[%emt 0:02:14]} Re8 {[%emt 0:01:01]} 11. Qc1 $146 {[%emt 0:01:46]} ({Predecessor:} 11. b3 Be6 12. c4 Qc8 13. Nf4 Bf5 14. Qc2 Bxd3 15. Nxd3 {½-½ (55) Niji,A (2057)-Bernales,C (1998) Vung Tau 2008}) 11... Ne4 {[%emt 0:03:07]} 12. Nd2 {[%emt 0:09:32]} Bf5 {[%emt 0:06:58]} 13. Bxe4 {[%emt 0:05:18]} Bxe4 {[%emt 0:08:30]} 14. Nxe4 {[%emt 0:07:25]} Rxe4 {[%emt 0:01:17]} 15. Qd2 {[%emt 0:03:04]} Nd7 {[%emt 0:03:03]} 16. Nc1 {[%emt 0:07:28]} Rae8 {[%emt 0:04:46]} 17. Nd3 {[%emt 0:03:22]} b6 {[%emt 0:07:19]} 18. b4 {[%emt 0:05:00]} Nf6 {[%emt 0:04:56]} 19. Rfe1 {[%emt 0:05:11]} Qe7 {[%emt 0:10:24]} 20. c3 {[%emt 0:07:16]} Nh5 {[%emt 0:06:31]} 21. Rad1 {[%emt 0:05:21]} f5 {[%emt 0:05:56]} 22. Qc1 {[%emt 0:05:29]} f4 {[%emt 0:05:44]} 23. Bd2 {[%emt 0:03:47]} Qf7 {[%emt 0:03:45]} 24. f3 {[%emt 0:02:47]} Re2 $15 {[%emt 0:01:55]} 25. Ne5 {[%emt 0:02:57]} Bxe5 {[%emt 0:01:05]} 26. dxe5 {[%emt 0:03:16]} R8xe5 {[%emt 0:01:15]} 27. Rxe2 {[%emt 0:00:51]} Rxe2 {[%emt 0:00:05]} 28. Re1 {[%emt 0:00:46]} Ng3 {[%emt 0:01:05]} 29. Kh2 {[%emt 0:00:47]} Rxe1 {[%emt 0:00:50]} 30. Qxe1 {[%emt 0:00:04]} g5 {[%emt 0:00:31]} 31. Bc1 {[%emt 0:00:27]} Kf8 {[%emt 0:00:30]} 32. Qe5 {[%emt 0:01:13]} Kg8 {[%emt 0:00:28]} 1/2-1/2

[Event "HUN-chT Youth 2019"]
[Site "Budapest"]
[Date "2019.10.28"]
[Round "4.17"]
[White "Ivan, Reka Gyongyver"]
[Black "Kocsmar, Akos"]
[Result "0-1"]
[WhiteElo "1686"]
[BlackElo "1916"]
[Annotator "NA RC"]
[PlyCount "96"]
[EventDate "2019.10.26"]
[EventType "team-tourn"]
[EventCountry "HUN"]
[SourceTitle "playchess.com"]
[Source "ChessBase"]
[SourceQuality "1"]
[TimeControl "5400+30"]

{[%evp 13,96,-27,-10,-10,-13,-7,2,-31,-20,-9,-3,-10,-11,-10,-10,-8,0,-20,-12,-17,0,0,0,-9,0,0,8,-20,33,32767,0,0,32767,0,32767,14,32767,-7,0,-16,32767,-6,32767,-59,-67,-75,-46,-50,32767,32767,-349,-340,-259,32767,32767,32767,32767,32767,0,-239,32767,32767,32767,-466,32767,32767,32767,-669,-711,32767,32767,32767,32767,-1492,32767,32767,-1337,-1181,32767,32767,-2641,-29996,-1059,-29997,-29998]} 1. d4 {[%emt 0:00:00]} d5 {[%emt 0:00:00]} 2. Bf4 {[%emt 0:00:00]} Nf6 {[%emt 0:01:02]} 3. e3 {[%emt 0:00:26]} e6 {[%emt 0:00:13]} 4. Nd2 {[%emt 0:00:23]} Bd6 {[%emt 0:00:06]} 5. Bg3 {[%emt 0:00:07]} c5 {[%emt 0:00:13]} 6. c3 {[%emt 0:00:48]} O-O {[%emt 0:00:20]} 7. Bd3 {[%emt 0:00:37]} Qc7 {[%emt 0:00:15]} 8. Ngf3 {[%emt 0:03:50]} Nbd7 {[%emt 0:01:08]} 9. O-O {[%emt 0:08:07] D02: 1 d4 d5 2 Nf3 sidelines, including 2...Nf6 3 g3 and 2...Nf6 3 Bf4} b6 {[%emt 0:00:45]} 10. e4 {[%emt 0:09:22]} Bxg3 {[%emt 0:00:20]} 11. hxg3 {[%emt 0:00:14]} dxe4 {[%emt 0:00:08]} 12. Nxe4 {[%emt 0:00:20]} Bb7 {[%emt 0:00:01]} 13. Qe2 {[%emt 0:09:19]} Rfd8 {[%emt 0:00:53]} 14. Rad1 {[%emt 0:06:19] [#]} Rac8 $146 {[%emt 0:01:11]} ({Predecessor:} 14... cxd4 15. Nxd4 a6 16. Rfe1 h6 {½-½ (37) So,W (2815)-Carlsen,M (2832) chess.com INT 2017}) 15. Rd2 {[%emt 0:05:38]} c4 {[%emt 0:03:38]} 16. Bc2 {[%emt 0:00:20]} Nd5 {[%emt 0:00:29]} 17. Re1 {[%emt 0:06:47]} h6 {[%emt 0:01:32]} 18. Rdd1 {[%emt 0:01:35]} b5 {[%emt 0:00:29]} 19. Qd2 {[%emt 0:08:57]} a5 {[%emt 0:13:22]} 20. a3 {[%emt 0:06:04]} Qb6 {[%emt 0:02:25]} 21. Qe2 {[%emt 0:06:59]} N5f6 {[%emt 0:03:12]} 22. Nxf6+ {[%emt 0:03:54]} Nxf6 {[%emt 0:00:51]} 23. Ne5 {[%emt 0:01:18]} Bd5 {[%emt 0:01:42]} 24. Qd2 {[%emt 0:03:47]} Rb8 {[%emt 0:02:34] [#]} 25. Rb1 {[%emt 0:00:44]} (25. g4 $1 $16) 25... b4 {[%emt 0:01:05]} 26. Qf4 {[%emt 0:03:56]} Qb7 {[%emt 0:00:49]} 27. g4 {[%emt 0:04:32]} Qe7 {[%emt 0:01:43]} 28. Qg3 {[%emt 0:04:16]} (28. axb4 $11 axb4 29. f3) 28... bxa3 {[%emt 0:00:38]} 29. bxa3 {[%emt 0:01:42]} Rxb1 {[%emt 0:00:10]} 30. Rxb1 {[%emt 0:00:19]} Qxa3 {[%emt 0:00:09]} 31. Qf4 {[%emt 0:01:48]} Qxc3 {[%emt 0:00:14]} 32. Rc1 {[%emt 0:02:07]} Qb4 {[%emt 0:00:09]} 33. g5 {[%emt 0:01:03]} hxg5 {[%emt 0:00:21]} 34. Qxg5 {[%emt 0:00:08]} Qe7 {[%emt 0:00:49]} 35. Qh4 {[%emt 0:00:51] [#]} Qa3 $2 {[%emt 0:03:38] [#]} (35... Re8 $1 $19 36. Ng4 Ra8) 36. Rb1 $2 {[%emt 0:00:45]} (36. Bh7+ $1 $11 {[%mdl 512]} Kf8 (36... Nxh7 37. Qxd8+) 37. Rb1) 36... Qc3 {[%emt 0:00:22]} 37. Rc1 {[%emt 0:00:20]} Qd2 {[%emt 0:00:05]} 38. Bh7+ {[%emt 0:00:31]} Kf8 {[%emt 0:00:07]} 39. Rb1 {[%emt 0:00:35]} c3 {[%emt 0:00:43]} 40. Rf1 {[%emt 0:00:39]} c2 {[%emt 0:00:35]} 41. Nd3 {[%emt 0:00:09]} Rb8 {[%emt 0:00:25]} 42. Nc1 {[%emt 0:00:51]} Rb1 {[%emt 0:00:28]} 43. Bxc2 {[%emt 0:00:27]} Qxc2 {[%emt 0:00:13]} 44. Qf4 {[%emt 0:00:35]} Qe4 {[%emt 0:00:42]} 45. Qg3 {[%emt 0:00:28]} Qg6 {[%emt 0:00:26]} 46. Qh2 {[%emt 0:00:30]} Nh5 {[%emt 0:00:45]} 47. Ne2 {[%emt 0:00:30]} Rxf1+ {[%emt 0:00:08] Back Rank} 48. Kxf1 {[%emt 0:00:03]} Qb1+ {[%emt 0:00:05]} 0-1

[Event "HUN-chT Youth 2019"]
[Site "Budapest"]
[Date "2019.10.28"]
[Round "4.18"]
[White "Kis, Izabella"]
[Black "Kiraly, Lilla Virag"]
[Result "0-1"]
[WhiteElo "1523"]
[BlackElo "1450"]
[Annotator "NA"]
[PlyCount "131"]
[EventDate "2019.10.26"]
[EventType "team-tourn"]
[EventCountry "HUN"]
[SourceTitle "playchess.com"]
[Source "ChessBase"]
[SourceQuality "1"]
[TimeControl "5400+30"]

1. e4 {[%emt 0:00:00]} c6 {[%emt 0:00:00]} 2. d4 {[%emt 0:00:00]} d5 {[%emt 0:00:00]} 3. Nc3 {[%emt 0:00:00]} dxe4 {[%emt 0:00:00]} 4. Nxe4 {[%emt 0:00:03]} Bf5 {[%emt 0:00:03]} 5. Ng3 {[%emt 0:00:11]} Bg6 {[%emt 0:00:08]} 6. Nf3 {[%emt 0:01:23]} Nd7 {[%emt 0:00:11]} 7. Bd3 {[%emt 0:02:39]} Bxd3 {[%emt 0:00:24]} 8. Qxd3 {[%emt 0:00:14]} e6 {[%emt 0:02:12]} 9. O-O {[%emt 0:04:33]} Ngf6 {[%emt 0:01:10]} 10. Be3 {[%emt 0:02:03]} Bd6 {[%emt 0:00:38]} 11. Ne4 {[%emt 0:03:01]} Nxe4 {[%emt 0:01:14]} 12. Qxe4 {[%emt 0:00:10]} Nf6 {[%emt 0:00:14]} 13. Qd3 {[%emt 0:01:59]} O-O {[%emt 0:01:01]} 14. Rfe1 {[%emt 0:04:59]} Qc7 {[%emt 0:03:57]} 15. h3 {[%emt 0:04:04]} Rfd8 {[%emt 0:06:24]} 16. c3 {[%emt 0:02:25]} h6 {[%emt 0:04:04]} 17. Rad1 {[%emt 0:05:08]} Qa5 {[%emt 0:15:20]} 18. Ra1 {[%emt 0:03:48]} c5 {[%emt 0:00:47]} 19. Qc2 {[%emt 0:01:48]} cxd4 {[%emt 0:12:25]} 20. Bxd4 {[%emt 0:03:43]} Be7 {[%emt 0:07:09]} 21. Ne5 {[%emt 0:04:34]} Qc7 {[%emt 0:06:29]} 22. Qe2 {[%emt 0:03:14]} Bc5 {[%emt 0:06:04]} 23. Nf3 {[%emt 0:03:29]} Bxd4 {[%emt 0:01:23]} 24. Nxd4 {[%emt 0:00:25]} a6 {[%emt 0:03:15]} 25. Nb3 {[%emt 0:04:17]} Rd5 {[%emt 0:06:04]} 26. Rad1 {[%emt 0:03:15]} Rad8 {[%emt 0:03:00]} 27. Rd4 {[%emt 0:03:35]} Rxd4 {[%emt 0:01:33]} 28. Nxd4 {[%emt 0:00:23]} Qc5 {[%emt 0:01:16]} 29. Qe3 {[%emt 0:08:44]} Qd5 {[%emt 0:01:05]} 30. b3 {[%emt 0:02:06]} Qa5 {[%emt 0:01:01]} 31. Ra1 {[%emt 0:08:54]} Nd5 {[%emt 0:00:48]} 32. Qd2 {[%emt 0:04:32]} Qxc3 {[%emt 0:03:57]} 33. Qxc3 {[%emt 0:00:22]} Nxc3 {[%emt 0:00:15]} 34. Nf3 {[%emt 0:00:27]} g6 {[%emt 0:00:50]} 35. Kf1 {[%emt 0:01:09]} Rd7 {[%emt 0:02:09]} 36. Ke1 {[%emt 0:01:09]} Kg7 {[%emt 0:00:47]} 37. a3 {[%emt 0:00:55]} Nb5 {[%emt 0:04:10]} 38. a4 {[%emt 0:00:23]} Nc3 {[%emt 0:03:56]} 39. Rc1 {[%emt 0:01:43]} Nd5 {[%emt 0:01:59]} 40. Ke2 {[%emt 0:01:06]} Nf4+ {[%emt 0:00:32]} 41. Kf1 {[%emt 0:00:14]} Rd3 {[%emt 0:00:53]} 42. Rb1 {[%emt 0:01:15]} Kf6 {[%emt 0:00:49]} 43. Ne1 {[%emt 0:03:03]} Rc3 {[%emt 0:00:53]} 44. f3 {[%emt 0:01:02]} Re3 {[%emt 0:00:50]} 45. Rb2 {[%emt 0:00:22]} Rc3 {[%emt 0:00:22]} 46. Kf2 {[%emt 0:00:46]} Nd5 {[%emt 0:00:37]} 47. Nc2 {[%emt 0:01:04]} Nf4 {[%emt 0:00:32]} 48. Ne1 {[%emt 0:01:07]} Rc1 {[%emt 0:00:31]} 49. Ke3 {[%emt 0:01:10]} g5 {[%emt 0:00:30]} 50. Nd3 {[%emt 0:01:04]} Rc3 {[%emt 0:00:20]} 51. Ke4 {[%emt 0:01:35]} Nxd3 {[%emt 0:00:39]} 52. Kd4 {[%emt 0:00:30]} Nxb2 {[%emt 0:00:23]} 53. Kxc3 {[%emt 0:00:09]} Nd1+ {[%emt 0:00:34]} 54. Kd2 {[%emt 0:00:13]} Nf2 {[%emt 0:00:12]} 55. Ke2 {[%emt 0:00:30]} Nxh3 {[%emt 0:00:23]} 56. gxh3 {[%emt 0:00:09]} Kf5 {[%emt 0:00:14]} 57. Ke3 {[%emt 0:00:14]} Ke5 {[%emt 0:00:08]} 58. b4 {[%emt 0:00:14]} b5 {[%emt 0:00:31]} 59. axb5 {[%emt 0:00:46]} axb5 {[%emt 0:00:06]} 60. Kd3 {[%emt 0:00:24]} f5 {[%emt 0:00:22]} 61. Ke3 {[%emt 0:00:21]} h5 {[%emt 0:00:20]} 62. Kd3 {[%emt 0:00:56]} g4 {[%emt 0:00:25]} 63. fxg4 {[%emt 0:00:37]} fxg4 {[%emt 0:00:20]} 64. h4 {[%emt 0:00:39]} Kf4 {[%emt 0:00:43]} 65. Ke2 {[%emt 0:00:19]} g3 {[%emt 0:00:16]} 66. Kf1 {[%emt 0:00:12]} 0-1

[Event "HUN-chT Youth 2019"]
[Site "Budapest"]
[Date "2019.10.28"]
[Round "4.19"]
[White "Karacsonyi, Gellert"]
[Black "Geher, Koppany"]
[Result "1/2-1/2"]
[WhiteElo "2301"]
[BlackElo "2256"]
[Annotator "TA"]
[PlyCount "33"]
[EventDate "2019.10.26"]
[EventType "team-tourn"]
[EventCountry "HUN"]
[SourceTitle "playchess.com"]
[Source "ChessBase"]
[SourceQuality "1"]

{[%evp 17,19,-12,0,-35]} 1. e4 e6 2. d4 d5 3. e5 c5 4. c3 Qb6 5. Nf3 Nc6 6. a3 Nh6 7. b4 cxd4 8. cxd4 Nf5 9. Be3 f6 10. b5 {C02: French: Advance Variation} (10. exf6 gxf6 11. Nc3 Nxe3 12. fxe3 Bh6 13. e4 dxe4 14. Nxe4 O-O 15. Bc4 Kh8 16. Qd3 f5 17. Nc5 Bg7 {1-0 (58) Savchenko,B (2599)-Vitiugov,N (2738) Wroclaw 2014}) {Predecessor:} 10... Nxe3 $146 11. fxe3 Nxe5 12. dxe5 Qxe3+ 13. Qe2 Qc1+ 14. Qd1 Qe3+ 15. Qe2 Qc1+ 16. Qd1 Qe3+ 17. Qe2 {½-½ (17) Huerga Leache,M (2441)-Arribas Lopez,A (2488) Madrid 2014} 1/2-1/2